Estilos, costumbres y ceremonias sagradas de la Santa Iglesia Magistral Complutense de San Justo y Pastor. (Record no. 114422)

MARC details
000 -LEADER
campo de control de longitud fija 00845nam a2200205 i 4500
001 - NÚMERO DE CONTROL
campo de control 114422
003 - IDENTIFICADOR DE NÚMERO DE CONTROL
campo de control ES-MaACL
005 - FECHA Y HORA DE LA ÚLTIMA TRANSACCIÓN
campo de control 20250831110903.0
007 - CAMPO FIJO DE DESCRIPCIÓN FÍSICA--INFORMACIÓN GENERAL
campo de control de longitud fija t|
008 - DATOS DE LONGITUD FIJA--INFORMACIÓN GENERAL
campo de control de longitud fija 170914q17291750sp ||||1| spa d
245 00 - MENCIÓN DEL TÍTULO
Título Estilos, costumbres y ceremonias sagradas de la Santa Iglesia Magistral Complutense de San Justo y Pastor.
260 ## - PUBLICACIÓN, DISTRIBUCIÓN, ETC.
Lugar de publicación, distribución, etc. [Alcalá de Henares] :
Nombre del editor, distribuidor, etc. [s.n.,
Fecha de publicación, distribución, etc. s.a.]
300 ## - DESCRIPCIÓN FÍSICA
Extensión [2], 67 p. ;
Dimensiones 20 cm.
596 ## - NOTA AL PIE DE IMPRENTA
NOTA AL PIE DE IMPRENTA En la última p. aparece la fecha de 1729 en la nota: " hacerse esta reimpresion por acuerdo de varios Cabildos, que el último fue de 11 de Junio de 1729"
597 ## - NOTA DE DESCRIPCIÓN FÍSICA
NOTA DE DESCRIPCIÓN FÍSICA Sign.: A-H4, I1.
599 ## - NOTA A LAS ILUSTRACIONES
NOTA A LAS ILUSTRACIONES Port. grab. calc.: "I. de Courbes"
610 27 - PUNTO DE ACCESO ADICIONAL DE MATERIA--NOMBRE DE ENTIDAD CORPORATIVA
Nombre de entidad corporativa o nombre de jurisdicción como elemento de entrada Catedral-Magistral de los Santos Justo y Pastor
Fuente del encabezamiento o término
9 (RLIN) 163611
852 ## - LOCALIZACIÓN
Ubicación ES-MaACL
Número de control de estantería T-1356-F-5
condición física . - Encuadernado con otras obras
Holdings
Estatus retirado Estado de pérdida Estado de daño No para préstamo Colección Biblioteca de origen Biblioteca actual Ubicación en estantería Fecha de adquisición Fuente de adquisición Total de préstamos Signatura topográfica completa Código de barras Visto por última vez Precio de reemplazo Tipo de ítem Koha
        Colección de folletos Biblioteca del Ateneo de Madrid Biblioteca del Ateneo de Madrid Depósito folletos 14/09/2017     T-1356-F-5 1198008 23/02/2023 23/02/2023 Folleto